<?xml version="1.0" encoding="UTF-8"?>
<record
    xmlns:xsi="http://www.w3.org/2001/XMLSchema-instance"
    xsi:schemaLocation="http://www.loc.gov/MARC21/slim http://www.loc.gov/standards/marcxml/schema/MARC21slim.xsd"
    xmlns="http://www.loc.gov/MARC21/slim">

  <leader>00352nam a22001457a 4500</leader>
  <controlfield tag="003">OSt</controlfield>
  <controlfield tag="005">20260415150151.0</controlfield>
  <controlfield tag="008">260415b        |||||||| |||| 00| 0 eng d</controlfield>
  <datafield tag="040" ind1=" " ind2=" ">
    <subfield code="c">IIMT COLLEGE OF PHARMACY GREATER NOIDA</subfield>
  </datafield>
  <datafield tag="100" ind1=" " ind2=" ">
    <subfield code="a"> DAS, MANAS KUMAR</subfield>
  </datafield>
  <datafield tag="245" ind1=" " ind2=" ">
    <subfield code="a">PHARMACPLOGY</subfield>
  </datafield>
  <datafield tag="260" ind1=" " ind2=" ">
    <subfield code="a">BILASPUR</subfield>
    <subfield code="b">GPAT</subfield>
    <subfield code="c">2025</subfield>
  </datafield>
  <datafield tag="300" ind1=" " ind2=" ">
    <subfield code="a">338</subfield>
  </datafield>
  <datafield tag="942" ind1=" " ind2=" ">
    <subfield code="2">ddc</subfield>
    <subfield code="c">02</subfield>
  </datafield>
  <datafield tag="999" ind1=" " ind2=" ">
    <subfield code="c">67852</subfield>
    <subfield code="d">67852</subfield>
  </datafield>
  <datafield tag="952" ind1=" " ind2=" ">
    <subfield code="0">0</subfield>
    <subfield code="1">0</subfield>
    <subfield code="2">ddc</subfield>
    <subfield code="4">0</subfield>
    <subfield code="7">0</subfield>
    <subfield code="a">26</subfield>
    <subfield code="b">26</subfield>
    <subfield code="d">2026-04-15</subfield>
    <subfield code="g">510.00</subfield>
    <subfield code="i">GD-IN-398   13/03/2026</subfield>
    <subfield code="l">0</subfield>
    <subfield code="p">26-B-2023</subfield>
    <subfield code="r">2026-04-15</subfield>
    <subfield code="w">2026-04-15</subfield>
    <subfield code="y">02</subfield>
  </datafield>
  <datafield tag="952" ind1=" " ind2=" ">
    <subfield code="0">0</subfield>
    <subfield code="1">0</subfield>
    <subfield code="2">ddc</subfield>
    <subfield code="4">0</subfield>
    <subfield code="7">0</subfield>
    <subfield code="a">26</subfield>
    <subfield code="b">26</subfield>
    <subfield code="d">2026-04-15</subfield>
    <subfield code="g">510.00</subfield>
    <subfield code="i">GD-IN-398   13/03/2026</subfield>
    <subfield code="l">0</subfield>
    <subfield code="p">26-B-2024</subfield>
    <subfield code="r">2026-04-15</subfield>
    <subfield code="w">2026-04-15</subfield>
    <subfield code="y">02</subfield>
  </datafield>
  <datafield tag="952" ind1=" " ind2=" ">
    <subfield code="0">0</subfield>
    <subfield code="1">0</subfield>
    <subfield code="2">ddc</subfield>
    <subfield code="4">0</subfield>
    <subfield code="7">0</subfield>
    <subfield code="a">26</subfield>
    <subfield code="b">26</subfield>
    <subfield code="d">2026-04-15</subfield>
    <subfield code="g">510.00</subfield>
    <subfield code="i">GD-IN-398   13/03/2026</subfield>
    <subfield code="l">0</subfield>
    <subfield code="p">26-B-2025</subfield>
    <subfield code="r">2026-04-15</subfield>
    <subfield code="w">2026-04-15</subfield>
    <subfield code="y">02</subfield>
  </datafield>
  <datafield tag="952" ind1=" " ind2=" ">
    <subfield code="0">0</subfield>
    <subfield code="1">0</subfield>
    <subfield code="2">ddc</subfield>
    <subfield code="4">0</subfield>
    <subfield code="7">0</subfield>
    <subfield code="a">26</subfield>
    <subfield code="b">26</subfield>
    <subfield code="d">2026-04-15</subfield>
    <subfield code="g">510.00</subfield>
    <subfield code="i">GD-IN-398   13/03/2026</subfield>
    <subfield code="l">0</subfield>
    <subfield code="p">26-B-2026</subfield>
    <subfield code="r">2026-04-15</subfield>
    <subfield code="w">2026-04-15</subfield>
    <subfield code="y">02</subfield>
  </datafield>
  <datafield tag="952" ind1=" " ind2=" ">
    <subfield code="0">0</subfield>
    <subfield code="1">0</subfield>
    <subfield code="2">ddc</subfield>
    <subfield code="4">0</subfield>
    <subfield code="7">0</subfield>
    <subfield code="a">26</subfield>
    <subfield code="b">26</subfield>
    <subfield code="d">2026-04-15</subfield>
    <subfield code="g">510.00</subfield>
    <subfield code="i">GD-IN-398   13/03/2026</subfield>
    <subfield code="l">0</subfield>
    <subfield code="p">26-B-2027</subfield>
    <subfield code="r">2026-04-15</subfield>
    <subfield code="w">2026-04-15</subfield>
    <subfield code="y">02</subfield>
  </datafield>
  <datafield tag="952" ind1=" " ind2=" ">
    <subfield code="0">0</subfield>
    <subfield code="1">0</subfield>
    <subfield code="2">ddc</subfield>
    <subfield code="4">0</subfield>
    <subfield code="7">0</subfield>
    <subfield code="a">26</subfield>
    <subfield code="b">26</subfield>
    <subfield code="d">2026-04-15</subfield>
    <subfield code="g">510.00</subfield>
    <subfield code="i">GD-IN-398   13/03/2026</subfield>
    <subfield code="l">0</subfield>
    <subfield code="p">26-B-2028</subfield>
    <subfield code="r">2026-04-15</subfield>
    <subfield code="w">2026-04-15</subfield>
    <subfield code="y">02</subfield>
  </datafield>
  <datafield tag="952" ind1=" " ind2=" ">
    <subfield code="0">0</subfield>
    <subfield code="1">0</subfield>
    <subfield code="2">ddc</subfield>
    <subfield code="4">0</subfield>
    <subfield code="7">0</subfield>
    <subfield code="a">26</subfield>
    <subfield code="b">26</subfield>
    <subfield code="d">2026-04-15</subfield>
    <subfield code="g">510.00</subfield>
    <subfield code="i">GD-IN-398   13/03/2026</subfield>
    <subfield code="l">0</subfield>
    <subfield code="p">26-B-2029</subfield>
    <subfield code="r">2026-04-15</subfield>
    <subfield code="w">2026-04-15</subfield>
    <subfield code="y">02</subfield>
  </datafield>
  <datafield tag="952" ind1=" " ind2=" ">
    <subfield code="0">0</subfield>
    <subfield code="1">0</subfield>
    <subfield code="2">ddc</subfield>
    <subfield code="4">0</subfield>
    <subfield code="7">0</subfield>
    <subfield code="a">26</subfield>
    <subfield code="b">26</subfield>
    <subfield code="d">2026-04-15</subfield>
    <subfield code="g">510.00</subfield>
    <subfield code="i">GD-IN-398   13/03/2026</subfield>
    <subfield code="l">0</subfield>
    <subfield code="p">26-B-2030</subfield>
    <subfield code="r">2026-04-15</subfield>
    <subfield code="w">2026-04-15</subfield>
    <subfield code="y">02</subfield>
  </datafield>
  <datafield tag="952" ind1=" " ind2=" ">
    <subfield code="0">0</subfield>
    <subfield code="1">0</subfield>
    <subfield code="2">ddc</subfield>
    <subfield code="4">0</subfield>
    <subfield code="7">0</subfield>
    <subfield code="a">26</subfield>
    <subfield code="b">26</subfield>
    <subfield code="d">2026-04-15</subfield>
    <subfield code="g">510.00</subfield>
    <subfield code="i">GD-IN-398   13/03/2026</subfield>
    <subfield code="l">0</subfield>
    <subfield code="p">26-B-2031</subfield>
    <subfield code="r">2026-04-15</subfield>
    <subfield code="w">2026-04-15</subfield>
    <subfield code="y">02</subfield>
  </datafield>
  <datafield tag="952" ind1=" " ind2=" ">
    <subfield code="0">0</subfield>
    <subfield code="1">0</subfield>
    <subfield code="2">ddc</subfield>
    <subfield code="4">0</subfield>
    <subfield code="7">0</subfield>
    <subfield code="a">26</subfield>
    <subfield code="b">26</subfield>
    <subfield code="d">2026-04-15</subfield>
    <subfield code="g">510.00</subfield>
    <subfield code="i">GD-IN-398   13/03/2026</subfield>
    <subfield code="l">0</subfield>
    <subfield code="p">26-B-2032</subfield>
    <subfield code="r">2026-04-15</subfield>
    <subfield code="w">2026-04-15</subfield>
    <subfield code="y">02</subfield>
  </datafield>
  <datafield tag="952" ind1=" " ind2=" ">
    <subfield code="0">0</subfield>
    <subfield code="1">0</subfield>
    <subfield code="2">ddc</subfield>
    <subfield code="4">0</subfield>
    <subfield code="7">0</subfield>
    <subfield code="a">26</subfield>
    <subfield code="b">26</subfield>
    <subfield code="d">2026-04-15</subfield>
    <subfield code="g">510.00</subfield>
    <subfield code="i">GD-IN-398   13/03/2026</subfield>
    <subfield code="l">0</subfield>
    <subfield code="p">26-B-2033</subfield>
    <subfield code="r">2026-04-15</subfield>
    <subfield code="w">2026-04-15</subfield>
    <subfield code="y">02</subfield>
  </datafield>
  <datafield tag="952" ind1=" " ind2=" ">
    <subfield code="0">0</subfield>
    <subfield code="1">0</subfield>
    <subfield code="2">ddc</subfield>
    <subfield code="4">0</subfield>
    <subfield code="7">0</subfield>
    <subfield code="a">26</subfield>
    <subfield code="b">26</subfield>
    <subfield code="d">2026-04-15</subfield>
    <subfield code="g">510.00</subfield>
    <subfield code="i">GD-IN-398   13/03/2026</subfield>
    <subfield code="l">0</subfield>
    <subfield code="p">26-B-2034</subfield>
    <subfield code="r">2026-04-15</subfield>
    <subfield code="w">2026-04-15</subfield>
    <subfield code="y">02</subfield>
  </datafield>
  <datafield tag="952" ind1=" " ind2=" ">
    <subfield code="0">0</subfield>
    <subfield code="1">0</subfield>
    <subfield code="2">ddc</subfield>
    <subfield code="4">0</subfield>
    <subfield code="7">0</subfield>
    <subfield code="a">26</subfield>
    <subfield code="b">26</subfield>
    <subfield code="d">2026-04-15</subfield>
    <subfield code="g">510.00</subfield>
    <subfield code="i">GD-IN-398   13/03/2026</subfield>
    <subfield code="l">0</subfield>
    <subfield code="p">26-B-2035</subfield>
    <subfield code="r">2026-04-15</subfield>
    <subfield code="w">2026-04-15</subfield>
    <subfield code="y">02</subfield>
  </datafield>
  <datafield tag="952" ind1=" " ind2=" ">
    <subfield code="0">0</subfield>
    <subfield code="1">0</subfield>
    <subfield code="2">ddc</subfield>
    <subfield code="4">0</subfield>
    <subfield code="7">0</subfield>
    <subfield code="a">26</subfield>
    <subfield code="b">26</subfield>
    <subfield code="d">2026-04-15</subfield>
    <subfield code="g">510.00</subfield>
    <subfield code="i">GD-IN-398   13/03/2026</subfield>
    <subfield code="l">0</subfield>
    <subfield code="p">26-B-2036</subfield>
    <subfield code="r">2026-04-15</subfield>
    <subfield code="w">2026-04-15</subfield>
    <subfield code="y">02</subfield>
  </datafield>
  <datafield tag="952" ind1=" " ind2=" ">
    <subfield code="0">0</subfield>
    <subfield code="1">0</subfield>
    <subfield code="2">ddc</subfield>
    <subfield code="4">0</subfield>
    <subfield code="7">0</subfield>
    <subfield code="a">26</subfield>
    <subfield code="b">26</subfield>
    <subfield code="d">2026-04-15</subfield>
    <subfield code="g">510.00</subfield>
    <subfield code="i">GD-IN-398   13/03/2026</subfield>
    <subfield code="l">0</subfield>
    <subfield code="p">26-B-2037</subfield>
    <subfield code="r">2026-04-15</subfield>
    <subfield code="w">2026-04-15</subfield>
    <subfield code="y">02</subfield>
  </datafield>
</record>
